William Carey : (Record no. 23677)

MARC details
000 -LEADER
fixed length control field 00827cam a2200265 i 4500
001 - CONTROL NUMBER
control field 1748722
003 - CONTROL NUMBER IDENTIFIER
control field BDDh-ASL
005 - DATE AND TIME OF LATEST TRANSACTION
control field 20231015030255.0
008 - FIXED-LENGTH DATA ELEMENTS--GENERAL INFORMATION
fixed length control field 750228s1974 enkacf j 001 0beng
010 ## - LIBRARY OF CONGRESS CONTROL NUMBER
LC control number 75315109
015 ## - NATIONAL BIBLIOGRAPHY NUMBER
National bibliography number GB74-29289
020 ## - INTERNATIONAL STANDARD BOOK NUMBER
International Standard Book Number 034018096X :
Terms of availability £0.35
040 ## - CATALOGING SOURCE
Original cataloging agency DLC
Transcribing agency DLC
Modifying agency DLC
-- BDDh-ASL
050 00 - LIBRARY OF CONGRESS CALL NUMBER
Classification number BV3269.C3
Item number M35
082 00 - DEWEY DECIMAL CLASSIFICATION NUMBER
Classification number 921.91
Item number CAR
100 1# - MAIN ENTRY--PERSONAL NAME
Personal name Martin, Nancy,
Dates associated with a name 1899-
245 00 - TITLE STATEMENT
Title William Carey :
Remainder of title the man who never gave up /
Statement of responsibility, etc. Nancy Martin.
260 ## - PUBLICATION, DISTRIBUTION, ETC.
Place of publication, distribution, etc. London :
Name of publisher, distributor, etc. Hodder & Stoughton,
Date of publication, distribution, etc. 1974.
300 ## - PHYSICAL DESCRIPTION
Extent 255 p., [8] p. of plates :
Other physical details ill., ports. ;
Dimensions 24 cm.
490 0# - SERIES STATEMENT
Series statement Hodder Christian paperbacks
500 ## - GENERAL NOTE
General note Includes index.
600 10 - SUBJECT ADDED ENTRY--PERSONAL NAME
Personal name Carey, William,
Dates associated with a name 1761-1834
Form subdivision Juvenile literature.
906 ## - LOCAL DATA ELEMENT F, LDF (RLIN)
a 7
b cbc
c orignew
d 3
e ncip
f 19
g y-gencatlg
942 ## - ADDED ENTRY ELEMENTS (KOHA)
Source of classification or shelving scheme Dewey Decimal Classification
Koha item type Books
Holdings
Withdrawn status Lost status Source of classification or shelving scheme Damaged status Not for loan Collection code Home library Current library Shelving location Date acquired Source of acquisition Total Checkouts Full call number Barcode Date last seen Copy number Price effective from Koha item type Public note
    Dewey Decimal Classification     Non-fiction Asiatic Society Library Asiatic Society Library General Stacks 04/01/2021 ASB Library Collections   921.91 CAR 108178 04/01/2021 C-1 04/01/2021 Books RARE

Powered by Koha